Mejores gobernantes contra la pobreza (Registro nro. 36632)

Detalles MARC
000 -ENCABEZADO
Número de control [NR] 00949nam a2200217Ia 4500
008 - DE LONGITUD FIJA DE DATOS DE ELEMENTOS - INFORMACIÓN GENERAL
Elementos de longitud fija [NR] 130821s2011 ck a gs spa
040 ## - FUENTE DE CATALOGACION [NR]
Agencia de catalogación original [NR] Co-BoUCM
Idioma de catalogación [NR] spa
041 00 - CODIGO DE IDIOMA [R]
Código de idioma para texto/pista de sonido o título separado [R] Español
092 ## - SIGNATURA TOPOGRAFICA LOCAL
Número de clasificación local CD 0326
110 1# - ASIENTO PRINCIPAL--NOMBRE CORPORATIVO [NR]
Nombre corporativo o de jurisdicción como elemento de entrada [NR] Colombia.
Unidad subordinada [R] Presidencia de la República.
-- Agencia Presidencial para la Acción Social y la Cooperación Internacional. Acción Social
245 10 - MENCION DE TITULO [NR]
Título [NR] Mejores gobernantes contra la pobreza
Mención de responsabilidad, etc. [NR] [CD ROM]
-- Acción Social.
260 ## - PUBLICACION, DISTRIBUCION, ETC. (PIE DE IMPRENTA) [R]
Lugar de publicación, distribución, etc. [R] Bogotá (Colombia)
Nombre del editor, distribuidor, etc. [R] Acción Social
Fecha de publicación, distribución, etc. [R] 2007-20092012
300 ## - DESCRIPCION FISICA [R]
Extensión [R] 1 CD-ROM
Otros detalles físicos [NR] son
500 ## - NOTA GENERAL [R]
Nota general [NR] "Reconocimiento a los Alcaldes y Gobernadores en la mejor implementación de Juntos"
500 ## - NOTA GENERAL [R]
Nota general [NR] Juntos red para la superación de la pobreza extrema.
650 04 - ASIENTO SECUNDARIO DE MATERIA - TERMINO TEMATICO [R]
Término temático o nombre geográfico como elemento de entrada [NR] Investigaciones evaluativas (Programas de acción social)
Subdivisión geográfica [R] Colombia
650 04 - ASIENTO SECUNDARIO DE MATERIA - TERMINO TEMATICO [R]
Término temático o nombre geográfico como elemento de entrada [NR] Pobreza
Subdivisión geográfica [R] Colombia
9 (RLIN) 21746
650 04 - ASIENTO SECUNDARIO DE MATERIA - TERMINO TEMATICO [R]
Término temático o nombre geográfico como elemento de entrada [NR] Problemas sociales
Subdivisión geográfica [R] Colombia
9 (RLIN) 22324
650 04 - ASIENTO SECUNDARIO DE MATERIA - TERMINO TEMATICO [R]
Término temático o nombre geográfico como elemento de entrada [NR] Programas sociales
Subdivisión geográfica [R] Colombia
9 (RLIN) 22542
942 ## - ELEMENTOS DE ENTRADA AGREGADOS (KOHA)
Tipo de ítem principal el descrito en 300a Multimedia
Sistema de clasificación LOCAL
Tema principal Ciencia política
Edición 1
Existencias
Fecha de último préstamo Total préstamos Código de barras Última vez visto Volúmen / Fascículo Ejemplar Price effective from Tipo de ítem Perdido Sistema de clasificación Dañado No prestable Tipo de ítem específico Suprimido Ubicación habitual Ubicación actual Localización Fecha de creación Forma de adquisición Costo
12/09/2012 1 100123261 10/12/2024 CD 0326 Ej.1 03/02/2013 Multimedia   DEWEY     CD-Rom   Claustro Claustro Colección digital 28/02/2012 Donación 26000.00